000 02723nam0a2200409 4500
001 RU\NLR\BIBL_A\022740229
005 20260327103118.0
010 _a978-5-7038-6641-2
_9120
021 _aRU
_bКН-П-26-000509
_9КН-П-26-0046
035 _a(NLR Aleph) 022740229
090 _a13647381
_c13647381
100 _a20260302d2025 k y0rusy50 ca
101 0 _arus
_deng
102 _aRU
105 _aа z 100zy
181 0 _ai
_baxxe
182 0 _an
200 1 _aКомплексная автоматизация проектирования и производства
_e(КАПП(М)-2025)
_eIII молодежная конференция (с международным участием), (Москва, 16 мая 2025 года)
_eсборник статей
_fФедеральное государственное автономное образовательное учреждение высшего образования "Московский государственный технический университет имени Н. Э. Баумана (национальный исследовательский университет)"
_gпод редакцией д-ра физ.-мат. наук, профессора А. П. Карпенко
203 _aТекст
_bвизуальный
_cнепосредственный
210 _aМосква
_cМГТУ им. Н. Э. Баумана
_d2025
215 _a519 с.
_cил.
_d24
300 _aРез. англ.
313 _aПо пред. конф.
320 _aБиблиогр. в конце ст.
606 1 _aАвтоматизация производства
_jСъезды, совещания и т.п
_2nlr_sh1
_2nlr_sh2
_3RU\NLR\AUTH\6685569
606 1 _aСАПР
_jСъезды, совещания и т.п
_2nlr_sh2
_3RU\NLR\AUTH\661275232
606 1 _aКомпьютерное моделирование
_jСъезды, совещания и т.п
_2nlr_sh1
_2nlr_sh2
_3RU\NLR\AUTH\66575708
686 1 _aЗ965,5я431
686 1 _aЗ973.2-01с116я431
686 1 _aЖ2-5-05я431
702 1 _aКарпенко
_bА. П.
_f1947-
_gАнатолий Павлович
_4340
711 1 2 _a"Комплексная автоматизация проектирования и производства 2025", молодежная конференция с международным участием
_d3
_eМосква
_3RU\NLR\AUTH\880639747
712 0 2 _aМосковский государственный технический университет им. Н. Э. Баумана
_3RU\NLR\AUTH\889951592
_4475
942 _cBOOK
980 _aNB